| 000 | 00933nam a2200205 a 4500 | ||
|---|---|---|---|
| 001 | 000045277 | ||
| 005 | 20201002050026.0 | ||
| 008 | 150223s2007 cl a 000 0 spa d | ||
| 020 | _a9580486751 | ||
| 040 |
_aDO-SdBNP _bspa _cBNPHU |
||
| 100 | 1 |
_aShenkar, Oded _973302 |
|
| 240 | 1 | 3 |
_aThe Chinise century _gthe rising Chinise economy and its impact on the global economy the balance of power |
| 245 | 1 | 3 |
_aEl Siglo de China : _bla floreciente economía de China y su impacto en la economía global, en el equilibrio del poder y en los empleos / _cOded Shenkar; traducción Jorge Cárdenas Nannetti. |
| 260 |
_aColombia : _bNorma, _c2007. |
||
| 300 |
_a270 p. : _bil. ; _c23 cm. |
||
| 590 | _aPerteneció a la biblioteca personal del Dr. Guaroa Ginebra H. | ||
| 500 | _aIncluye datos biografícos del autor en la solapa | ||
| 500 | _aLa biblioteca posee la reimpresión del 2007 | ||
| 700 | 1 |
_aCárdenas Nannetti, Jorge _etrad. _942922 |
|
| 999 |
_c44766 _d44766 |
||